El largo camino hacia la ILE : mi versión de los hechos /

Guardado en:
Detalles Bibliográficos
Autor principal: Lamas, Marta (autor)
Formato: Audiovisual
Idioma:Español
Publicado: México : UNAM, Programa Universitario de Estudios de Género, 2015, c2015
Edición:2a edición
Temas:
Etiquetas: Agrega una etiqueta
Sin etiquetas, Sé el primero en etiquetar este registro!

MARC

LEADER 00000ngm^a2200000^a^4500
001 000408880
005 20250521000000.0
009 20260310122005.976
020 |a 978-607-02-7280-6 
037 |a Acervo ITESO - Biblioteca 
041 |a ESP 
082 |a 344. 7253204192  |b LAM 
100 |a Lamas, Marta  |e (autor) 
245 1 3 |a El largo camino hacia la ILE :  |b mi versión de los hechos /  |c M. Lamas. 
250 |a 2a edición 
264 4 |a México :  |b UNAM, Programa Universitario de Estudios de Género,  |c 2015, c2015 
300 |a 346 p. 
336 |a texto  |b txt  |2 rdacontenido 
337 |a sin mediación  |b n  |2 rdamedio 
338 |a volumen  |b nc  |2 rdasoporte 
521 |a FIL 2018 EEnlace Departamento de Formación Humana 
649 |a XX 
650 |a Feministas Mexicanas -  |x Memorias 
650 |a Mujeres Mexicanas -  |x Memorias 
650 |a Mujeres -  |z México (Ciudad) -  |x Condiciones Jurídicas 
650 |a Mujeres -  |z México (Ciudad) -  |x Historia -  |y 1946-2000 
650 |a Mujeres -  |z México (Ciudad) -  |x Historia -  |y Siglo XX 
650 |a Mujeres -  |z México (Ciudad) -  |x Historia -  |y 2000-2006 
650 |a Mujeres -  |z México (Ciudad) -  |x Historia -  |y 2006-2012 
650 |a Mujeres -  |z México (Ciudad) -  |x Historia -  |y Siglo XXI 
650 |a Feminismo -  |z México (Ciudad) -  |x Historia -  |y 1946-2000 
650 |a Feminismo -  |z México (Ciudad) -  |x Historia -  |y Siglo XX 
650 |a Feminismo -  |z México (Ciudad) -  |x Historia -  |y 2000-2006 
650 |a Feminismo -  |z México (Ciudad) -  |x Historia -  |y 2006-2012 
650 |a Feminismo -  |z México (Ciudad) -  |x Historia -  |y Siglo XXI 
650 |a Aborto -  |z México (Ciudad) -  |x Aspectos Jurídicos -  |x Tema Principal 
650 |a Aborto -  |z México (Ciudad) -  |x Historia -  |y 2000-2006 
650 |a Aborto -  |z México (Ciudad) -  |x Historia -  |y 2006-2012 
650 |a Aborto -  |z México (Ciudad) -  |x Historia -  |y Siglo XXI 
650 |a Aborto -  |z México (Ciudad) -  |x Historia -  |x Tema Principal 
650 |a Salud Reproductiva -  |z México (Ciudad) -  |x Aspectos Jurídicos 
650 |a Política de Género -  |z México (Ciudad) -  |x Historia 
650 |a Derecho y Política -  |z México (Ciudad) -  |x Historia 
650 |a Derecho Penal -  |z México (Ciudad) -  |x Historia 
650 |a Derecho a la Salud -  |z México (Ciudad) -  |x Historia 
650 |a Derecho Social -  |z México (Ciudad) -  |x Historia 
650 |a Derecho Público -  |z México (Ciudad) -  |x Historia 
650 |a Lamas, Marta -  |x Tema Principal 
650 |a Grupo de Información en Reproducción Elegida 
910 |a Fondo General 
920 |a Impresos - Libros 
930 |a Colección General 
905 |a 101 
901 |a 0500317545  |b IT1  |c ACC  |i C162893  |u 20250521 
902 |a https://opac.biblio.iteso.mx/vufind/Record/000408880